الجامع الكبير في أخبار عمر بن عبد العزيز / (رقم التسجيلة. 127558)

تفاصيل مارك
000 -LEADER
fixed length control field 00618nam a22001817a 4500
005 - DATE AND TIME OF LATEST TRANSACTION
control field 20251108175146.0
008 - FIXED-LENGTH DATA ELEMENTS--GENERAL INFORMATION
fixed length control field 250721s2012 xx 000 0 ara d
082 14 - DEWEY DECIMAL CLASSIFICATION NUMBER
Classification number 956.046/دهم
100 1# - MAIN ENTRY--PERSONAL NAME
Personal name الدهماني، تركي بن الحسن
245 10 - TITLE STATEMENT
Title الجامع الكبير في أخبار عمر بن عبد العزيز /
264 1# - PRODUCTION, PUBLICATION, DISTRIBUTION, MANUFACTURE, AND COPYRIGHT NOTICE
Place of production, publication, distribution, manufacture عمان :
Name of producer, publisher, distributor, manufacturer أمواج للطباعة و النشر و التوزيع،
Date of production, publication, distribution, manufacture, or copyright notice 2012.
300 ## - PHYSICAL DESCRIPTION
Extent 318ص.
650 17 - SUBJECT ADDED ENTRY--TOPICAL TERM
Topical term or geographic name as entry element خلافة عمر بن عبد العزيز 99-101ه
650 17 - SUBJECT ADDED ENTRY--TOPICAL TERM
Topical term or geographic name as entry element التراجم
650 17 - SUBJECT ADDED ENTRY--TOPICAL TERM
Topical term or geographic name as entry element الاسلام
942 ## - ADDED ENTRY ELEMENTS (KOHA)
Source of classification or shelving scheme Dewey Decimal Classification
Koha item type كتب
المقتنيات
حالة السحب حالة الفقدان مصدر التصنيف حالة التلف غير قابل للإعارة المكتبة الرئيسية المكتبة الحالية موقع الرف تاريخ التزويد الرقم المتسلسل Total Checkouts رقم الإستدعاء الباركود تاريخ آخر ظهور تاريخ الفاتورة نوع المادة (كوها)
    Dewey Decimal Classification     مكتبة النصر العامة مكتبة النصر العامة الإعارة 20/08/2013 1555928   956.046/دهم PLD00273804 28/07/2025 20/08/2013 كتب
    Dewey Decimal Classification     مكتبة حمزة العامة مكتبة حمزة العامة الإعارة 20/08/2013 1555930   956.046/دهم PLD00273806 28/07/2025 20/08/2013 كتب
    Dewey Decimal Classification     مكتبةمؤتة مكتبةمؤتة الإعارة 20/08/2013 1555927   956.046/دهم PLD00273803 28/07/2025 20/08/2013 كتب
Implemented & Customized by: BBB with SCIT (Smart Chains for Information Technology)

Powered by Koha